Obálka Náhled e-knihy:
PDF Epub
Pro půjčování e-knih musíte být přihlášeni.
Jak si půjčit online?

Jacob : série Rodina Blakemoreových, 1. díl /

Úvodní díl nové erotické série polské autorky.

Uloženo v:
Série:Blakemoreovi, část 1
Hlavní autor: Litkowiec, Kinga, 1994- (Autor)
Další autoři: Horáková, Jarmila, 1980- (Autor)
Médium: E-kniha
Jazyk:Czech
Vydáno: Praha : Dobrovský s.r.o., 2024
Edice:Red
Témata:
Příbuzné jednotky:Z cyklu:: Blakemoreovi
Tagy:
Žádné tagy
LEADER 02845nam a2200481 i 4500
001 312471
003 CZ PrSKC
005 20260601215723.0
007 ta
008 240724s2024 xr e 000 f cze
015 |a cnb003624346 
020 |a 9788027723027  |q (brožováno) :  |c Kč 399,00 
035 |a (OCoLC)1459786215 
040 |a ABG001  |b cze  |e rda 
041 1 |a cze  |h pol 
072 7 |a 821.162.1  |x Polská literatura  |2 Konspekt 
080 |a 821.162.1-31  |2 MRF 
080 |a (0:82-993)  |2 MRF 
100 1 |a Litkowiec, Kinga,  |d 1994-  |7 xx0265096  |4 aut 
240 1 0 |a Jacob.  |l Česky 
245 1 0 |a Jacob :  |b série Rodina Blakemoreových, 1. díl /  |c Kinga Litkowiec ; přeložila Jarmila Horáková 
246 3 0 |a Rodina Blakemoreových 
264 1 |a Praha :  |b Dobrovský s.r.o.,  |c 2024 
300 |a 284 stran ;  |c 20 cm 
336 |a text  |b txt  |2 rdacontent 
337 |a bez média  |b n  |2 rdamedia 
338 |a svazek  |b nc  |2 rdacarrier 
490 1 |a Red 
500 |a Přeloženo z polštiny 
520 2 |a Úvodní díl nové erotické série polské autorky.  |b Avery Stoneová zoufale potřebuje peníze. Je to otázka života a smrti, proto se rozhodne stát prostitutkou, aby vydělala potřebnou částku. Vypadá to, že se na ni štěstí usmálo, když dostane nabídku na práci pokojské za plat, o jakém se jí ani nesnilo. Celé je to až příliš krásné... Jacob Blakemore, syn muže, který ovládá celé podsvětí státu New York, není žádný dobrodinec, ale když to Avery zjistí, už je pozdě. Vyjde najevo, že pracovní smlouva je ve skutečnosti pakt s ďáblem stvrzený jejím vlastnoručním podpisem. A není cesty zpět. Rychle začíná chápat, že dům, kde měla pouze pracovat, skrývá temná tajemství. Nemůže utéct. Je odkázaná pouze na sebe a své odhodlání, které se však jejímu šéfovi vůbec nelíbí. Čeho je schopný muž, který není zvyklý na odmítnutí? Kolik je schopna snést žena, která nechce ztratit samu sebe? Nakladatelská anotace. 
546 |a Český text 
655 7 |a polské romány  |7 fd133084  |2 czenas 
655 7 |a erotické romány  |7 fd132211  |2 czenas 
655 9 |a Polish fiction  |2 eczenas 
655 9 |a erotic novels  |2 eczenas 
700 1 |a Horáková, Jarmila,  |d 1980-  |7 js20120827001  |4 trl 
787 0 8 |i Z cyklu:  |t Blakemoreovi  |g 1 
830 0 |a Red 
900 |a ABA001  |b 21 
044 |a xr 
910 |a RBIT002 
998 |d 408736  |a https://core.palmknihy.cz/api/books/408736/cover?shgb5x  |b https://core.palmknihy.cz/api/books/408736/cover/400?shgb5x  |c https://core.palmknihy.cz/api/books/408736/cover/50?shgb5x  |e 2029-02-14  |g 288  |i 9788027723027  |j https://core.palmknihy.cz/api/books/408736/preview.epub  |k https://core.palmknihy.cz/api/books/408736/preview.pdf  |l   |q 49  |r 1  |s https://www.palmknihy.cz/kniha/408736  |t ebook  |y 2024  |z 0  |v Blakemoreovi  |w 1 
999 |d 312469